| 000 | 00922 a2200229 4500 | ||
|---|---|---|---|
| 999 |
_c186973 _d186973 |
||
| 005 | 20220324125117.0 | ||
| 010 | _aENG-132107-109 | ||
| 020 |
_a9788195261291 _c838.00 |
||
| 020 |
_a9788195261222 _c838.00 |
||
| 020 |
_a9788195261239 _c838.00 |
||
| 035 | _aEN-115639-41 | ||
| 037 | _bDBAD/PUB | ||
| 082 | _a294 | ||
| 100 | _aMaharaj Sawan Singh | ||
| 245 |
_aBasic Principles Of Sant Mat: _bA Translation of Santmat Sidhant/ _cMaharaj Sawan Singh |
||
| 250 | _aFirst Edition | ||
| 260 |
_aPunjab _bRadha soami Satsang Beas _c2021 |
||
| 270 |
_aDera Baba Jaimal Singh _bPunjab _e143204 |
||
| 300 |
_axv,376p(vol1) xv,440p(vol2) xv,400p(vol3) _bIndex,Glossary,Biblography & Books On Spirituality(vol 1-3) _c23cm (hbk) |
||
| 500 | _aVol 1- God, Creation, Guru Vol 2- Meditation, Mind, Love Vol 3- The World, Living In The World, External Practices | ||
| 942 |
_adpl _cEN _2ddc _h294 _mMAH _eFirst Edition |
||